Análisis comparativo de las normas para la presentación de estados contables en Argentina (Registro nro. 22868)

Detalles MARC
000 -LEADER
fixed length control field 00476 a2200145 4500
001 - CONTROL NUMBER
control field ART_42345
005 - DATE AND TIME OF LATEST TRANSACTION
control field 20260410161827.0
008 - FIXED-LENGTH DATA ELEMENTS--GENERAL INFORMATION
fixed length control field 260409a
100 1# - MAIN ENTRY--PERSONAL NAME
Personal name Rondi, Gustavo R.
245 10 - TITLE STATEMENT
Title Análisis comparativo de las normas para la presentación de estados contables en Argentina
700 1# - ADDED ENTRY--PERSONAL NAME
Personal name Casal, María del Carmen
700 1# - ADDED ENTRY--PERSONAL NAME
Personal name Galante, Marcelo J.
700 1# - ADDED ENTRY--PERSONAL NAME
Personal name Gómez, Melisa
773 0# - HOST ITEM ENTRY
Title FACES
Related parts - Año 21, Nº 44 (ene./jun. 2015)
Record control number REV5046

No hay ítems disponibles.